Loading...
Science - Chemistry | 1 | 2 | 1 | 0 | 30 | 57 | 91.67 | 2 | 3 |
Other - Geo/CE | 2 | 0 | 1 | 1 | 25 | 17 | 32.50 | 1 | 2 |
Other - Other Academic | 0 | 2 | 0 | 2 | 20 | 122 | 126.50 | 0 | 1 |
Science - Physics | 1 | 0 | 0 | 0 | 15 | 27 | 27.00 | 1 | 1 |
History - World History | 1 | 0 | 0 | 0 | 15 | 26 | 26.00 | 1 | 1 |
History - Euro History | 1 | 0 | 0 | 0 | 15 | 60 | 60.00 | 1 | 1 |
Science - Biology | 0 | 2 | 1 | 1 | 15 | 104 | 112.00 | 0 | 2 |
Thought - Social Science | 0 | 1 | 0 | 0 | 10 | 114 | 114.00 | 0 | 1 |
History - American History | 0 | 1 | 0 | 0 | 10 | 63 | 63.00 | 0 | 1 |
Science - Engineering | 0 | 1 | 0 | 0 | 10 | 106 | 106.00 | 0 | 1 |
Beliefs - Religion | 0 | 1 | 0 | 0 | 10 | 127 | 127.00 | 0 | 1 |
Literature - World Lit | 0 | 0 | 1 | 0 | -5 | 0.00 | 0 | 0 | |
Science - Other Science | 0 | 0 | 3 | 0 | -15 | 0.00 | 0 | 0 |